书目信息 |
| 题名: |
哈佛精英气质课
|
|
| 作者: | 星汉 著 | |
| 分册: | ||
| 出版信息: | 成都 天地出版社 2016 |
|
| 页数: | 255页 | |
| 开本: | 24cm | |
| 丛书名: | ||
| 单 册: | ||
| 中图分类: | B848.1 | |
| 科图分类: | ||
| 主题词: | 气质--通俗读物 | |
| 电子资源: | ||
| ISBN: | 978-7-5455-1831-3 | |
| 000 | 00754nam0 2200241 450 | |
| 001 | 351549 | |
| 005 | 20161017101009.58 | |
| 010 | @a978-7-5455-1831-3@dCNY32.00 | |
| 100 | @a20160612d2016 em y0chiy50 ea | |
| 101 | 0 | @achi |
| 102 | @aCN@b510000 | |
| 105 | @aa z 000yy | |
| 106 | @ar | |
| 200 | 1 | @a哈佛精英气质课@f星汉著 |
| 210 | @a成都@c天地出版社@d2016 | |
| 215 | @a255页@c图@d24cm | |
| 300 | @a哈佛精英课堂 | |
| 330 | @a本书从沉稳、细心、胆识、大度、坦诚、担当六大要素,阐述了气质培养的方法和注意事项,有助于广大读者由内而外地提升自我,获得脱胎换骨的蜕变,成为一个受欢迎的、气质出众的人。 | |
| 606 | 0 | @a气质@j通俗读物 |
| 690 | @aB848.1@v5 | |
| 701 | 0 | @a星汉@4著 |
| 801 | 0 | @aCN@bTANGWEI@c20160820 |
| 905 | @b0895235-9@dB848.1@e1387@f5 | |
| 哈佛精英气质课/星汉著.-成都:天地出版社,2016 |
| 255页:图;24cm |
| 哈佛精英课堂 |
| ISBN 978-7-5455-1831-3:CNY32.00 |
| 本书从沉稳、细心、胆识、大度、坦诚、担当六大要素,阐述了气质培养的方法和注意事项,有助于广大读者由内而外地提升自我,获得脱胎换骨的蜕变,成为一个受欢迎的、气质出众的人。 |
| ● |
| 相关链接 |
|
|
|
|
正题名:哈佛精英气质课
索取号:B848.1/1387
 
预约/预借
| 序号 | 登录号 | 条形码 | 馆藏地/架位号 | 状态 | 备注 |
| 1 | 0895235 | 208952356 | 第一样本阅览室/ [索取号:B848.1/1387] | 在馆 | |
| 2 | 0895236 | 208952365 | 第一借阅区/ [索取号:B848.1/1387] | 在馆 | |
| 3 | 0895237 | 208952374 | 第一借阅区/ [索取号:B848.1/1387] | 在馆 | |
| 4 | 0895238 | 208952383 | 第一借阅区/ [索取号:B848.1/1387] | 在馆 | |
| 5 | 0895239 | 208952392 | 第一借阅区/ [索取号:B848.1/1387] | 在馆 |